[Event "Magdeburg op-A"]
[Site "Magdeburg"]
[Date "2014.06.09"]
[Round "3"]
[White "Kaplun, David"]
[Black "Goelz, Daniel"]
[Result "1-0"]
[WhiteElo "1895"]
[BlackElo "2261"]
[PlyCount "123"]
[EventDate "2014.06.08"]
[EventType "swiss"]
[EventRounds "9"]
[EventCountry "GER"]
[SourceTitle "CBM 160 Extra"]
[Source "ChessBase"]
[SourceDate "2014.07.01"]
[SourceVersion "1"]
[SourceVersionDate "2014.07.01"]
[SourceQuality "1"]

1. d4 Nf6 2. c4 d6 3. Nc3 g6 4. e4 Bg7 5. f3 0-0 6. Be3 e5 7. d5 Ne8 8. Qd2 f5 9. Nge2 a5 10. 0-0-0 Na6 11. Kb1 Rf7 12. Nc1 Nf6 13. h3 fxe4 14. fxe4 Nh5 15. N1e2 Qf8 16. g3 Bd7 17. Bg2 Qe7 18. Rdf1 Raf8 19. Rxf7 Rxf7 20. Qe1 Qf8 21. Rf1 Bh6 22. Rxf7 Kxf7 23. Qf2+ Nf6 24. g4 Bxe3 25. Qxe3 Nc5 26. Ng3 h6 27. g5 hxg5 28. Qxg5 Nh7 29. Qe3 Kg7 30. Nge2 Qf6 31. Qg3 Kh6 32. h4 g5 33. hxg5+ Qxg5 34. Qxg5+ Kxg5 35. Kc2 Nf6 36. Kd2 Be8 37. Ke3 Ng4+ 38. Kd2 Nf6 39. Ke3 Ng4+ 40. Kd2 Kh4 41. Nd1 Bg6 42. Ndc3 c6 43. Bf3 Nh2 44. Bg2 Kg4 45. Ke3 Bh7 46. Nd1 Kh4 47. Ndc3 a4 48. Kd2 Bg6 49. Ke3 Be8 50. Nb1 Bh5 51. Nbc3 Ng4+ 52. Kd2 Nf2 53. Ke3 Bxe2 54. Nxe2 Nd1+ 55. Kd2 Nxb2 56. Kc3 Nbd3 57. dxc6 bxc6 58. Bf3 Ne1 59. Bh1 Kg4 60. Kb4 Kh3 61. Ka5 Kh2 62. Kb6 1-0

[Event "GER-ch U25 op-A"]
[Site "Oberhof"]
[Date "2013.05.21"]
[Round "4"]
[White "Wenninger, Philipp"]
[Black "Goelz, Daniel"]
[Result "0-1"]
[WhiteElo "2220"]
[BlackElo "2137"]
[PlyCount "116"]
[EventDate "2013.05.19"]
[EventType "swiss"]
[EventRounds "9"]
[EventCountry "GER"]
[SourceTitle "CBM 154 Extra"]
[Source "ChessBase"]
[SourceDate "2013.06.25"]
[SourceVersion "2"]
[SourceVersionDate "2013.06.25"]
[SourceQuality "1"]

1. d4 Nf6 2. Bg5 Ne4 3. Bh4 c5 4. f3 Qa5+ 5. c3 Nd6 6. e3 cxd4 7. exd4 Nc6 8. Nd2 Nf5 9. Bf2 g6 10. Bd3 d6 11. Ne2 Bg7 12. 0-0 0-0 13. Nc4 Qc7 14. Ne3 Nxe3 15. Bxe3 e5 16. Qd2 f5 17. d5 Ne7 18. c4 Kh8 19. Rac1 f4 20. Bf2 g5 21. c5 Rd8 22. Be4 g4 23. Qd3 gxf3 24. Qxf3 Bf5 25. Rfd1 Rac8 26. b4 Bxe4 27. Qxe4 Ng8 28. Bh4 Re8 29. Rc3 Nf6 30. Bxf6 Bxf6 31. Rdc1 Rcd8 32. Rh3 Qf7 33. Nc3 Rg8 34. Rd1 Rg7 35. Nb5 Qd7 36. Rh6 Qxb5 37. Rxf6 dxc5 38. Qxe5 cxb4 39. Rf7 Rdg8 40. Rxg7 Rxg7 41. Qb8+ Rg8 42. Qe5+ Rg7 43. Rc1 Qd7 44. d6 Qg4 45. Qb2 Qe6 46. Rd1 Kg8 47. Qxg7+ Kxg7 48. d7 Qb6+ 49. Kf1 Qd8 50. Kf2 Kf6 51. Kf3 Ke5 52. Re1+ Kd4 53. Rd1+ Ke5 54. Re1+ Kf5 55. Rd1 a5 56. Rd4 Ke5 57. Re4+ Kd5 58. Re1 a4 0-1

[Event "Oberliga Sued W 1213"]
[Site "Germany"]
[Date "2012.11.11"]
[Round "2.5"]
[White "Goelz, Daniel"]
[Black "Hillenbrand, Alexander"]
[Result "0-1"]
[WhiteElo "2151"]
[BlackElo "2020"]
[PlyCount "114"]
[EventDate "2012.10.21"]
[EventType "team-tourn"]
[EventRounds "9"]
[EventCountry "GER"]
[SourceTitle "EXT 2019"]
[Source "ChessBase"]
[SourceDate "2018.10.10"]
[SourceVersion "1"]
[SourceVersionDate "2018.10.10"]
[SourceQuality "1"]
[WhiteTeam "Schott Mainz II"]
[BlackTeam "Winterbach Turm"]
[WhiteTeamCountry "GER"]
[BlackTeamCountry "GER"]

1. e4 c5 2. c3 Nf6 3. Qc2 Nc6 4. Nf3 g6 5. Be2 Bg7 6. 0-0 0-0 7. h3 d6 8. d3 Bd7 9. Nbd2 b5 10. d4 Qb6 11. dxc5 Qxc5 12. Nb3 Qb6 13. Be3 Qb7 14. Rad1 a5 15. Qd3 Rfd8 16. e5 Nxe5 17. Nxe5 dxe5 18. Nc5 Qc7 19. Nxd7 Rxd7 20. Qxb5 Rb8 21. Qc4 Qxc4 22. Bxc4 Rxb2 23. Bb3 e4 24. c4 Rd3 25. c5 Ne8 26. Bc1 Rb1 27. Bc2 Rxd1 28. Rxd1 Ra1 29. a3 Be5 30. Kf1 Kg7 31. Bxe4 f5 32. Bd3 Nc7 33. Ke2 Nd5 34. Kf3 e6 35. Bc2 Kf7 36. g3 Ke7 37. Bg5+ Kd7 38. Ba4+ Kc7 39. Rxa1 Bxa1 40. Bd2 Bc3 41. Bxc3 Nxc3 42. Bb3 e5 43. Bg8 Ne4 44. Bd5 Nxc5 45. Ke3 Nd7 46. f4 Kd6 47. Bf7 Nf6 48. fxe5+ Kxe5 49. a4 g5 50. Kd3 Ne4 51. h4 g4 52. Bg8 h6 53. Kc4 Nxg3 54. Kb5 f4 55. Kxa5 f3 56. Bc4 Ne4 57. Kb4 g3 0-1

[Event "Oberliga Sued W 1112"]
[Site "Germany"]
[Date "2012.04.15"]
[Round "9"]
[White "Goelz, Daniel"]
[Black "Johann, Christof"]
[Result "1-0"]
[WhiteElo "2116"]
[BlackElo "2202"]
[PlyCount "48"]
[EventDate "2011.09.25"]
[EventType "team-tourn"]
[EventRounds "9"]
[EventCountry "GER"]
[SourceTitle "EXT 2013"]
[Source "ChessBase"]
[SourceDate "2012.11.22"]
[SourceVersion "1"]
[SourceVersionDate "2012.11.22"]
[SourceQuality "1"]
[WhiteTeam "Schott Mainz II"]
[BlackTeam "Frankenthal"]
[WhiteTeamCountry "GER"]
[BlackTeamCountry "GER"]

1. e4 c5 2. c3 Nf6 3. Qc2 Nc6 4. Nf3 e5 5. Bc4 Be7 6. 0-0 0-0 7. d3 h6 8. Nbd2 a6 9. a4 d5 10. exd5 Nxd5 11. Re1 Bf6 12. Ne4 Be7 13. Ng3 Qd6 14. Be3 Nxe3 15. Rxe3 Qc7 16. Rae1 Bd6 17. Ne4 Be7 18. Ng3 Bd6 19. Qe2 Bd7 20. Nh4 Na5 21. Ba2 Bxa4 22. Qg4 Bb3 23. Ngf5 f6 24. Bxb3+ Nxb3 1-0

[Event "Oberliga Sued W 1112"]
[Site "Germany"]
[Date "2012.02.05"]
[Round "6"]
[White "Kopp, Bjoern"]
[Black "Goelz, Daniel"]
[Result "1-0"]
[WhiteElo "2142"]
[BlackElo "2116"]
[PlyCount "73"]
[EventDate "2011.09.25"]
[EventType "team-tourn"]
[EventRounds "9"]
[EventCountry "GER"]
[SourceTitle "EXT 2013"]
[Source "ChessBase"]
[SourceDate "2012.11.22"]
[SourceVersion "1"]
[SourceVersionDate "2012.11.22"]
[SourceQuality "1"]
[WhiteTeam "Landau"]
[BlackTeam "Schott Mainz II"]
[WhiteTeamCountry "GER"]
[BlackTeamCountry "GER"]

1. e4 c5 2. Nc3 e6 3. f4 d5 4. Nf3 Nf6 5. e5 Nfd7 6. d4 Nc6 7. Ne2 Qb6 8. c3 Be7 9. g3 f6 10. Bh3 Nf8 11. 0-0 Bd7 12. Kh1 f5 13. dxc5 Qxc5 14. b4 Qc4 15. a4 Nd8 16. Be3 Nf7 17. Qd2 h6 18. Ned4 g5 19. Rfc1 Qc8 20. Bf1 g4 21. Ne1 a6 22. b5 axb5 23. axb5 Nd8 24. Qb2 Rxa1 25. Qxa1 b6 26. c4 dxc4 27. Rxc4 Bc5 28. Nd3 Nb7 29. Nxc5 Nxc5 30. Qa7 Qd8 31. Bg2 Rh7 32. Nc6 Bxc6 33. Bxc6+ Nfd7 34. Bxc5 bxc5 35. Rxc5 Kf8 36. Rc1 Re7 37. Rd1 1-0

[Event "Oberliga Sued W 1112"]
[Site "Germany"]
[Date "2011.09.25"]
[Round "1"]
[White "Goelz, Daniel"]
[Black "Schlick, Volker"]
[Result "1/2-1/2"]
[WhiteElo "2116"]
[BlackElo "2304"]
[PlyCount "133"]
[EventDate "2011.09.25"]
[EventType "team-tourn"]
[EventRounds "9"]
[EventCountry "GER"]
[SourceTitle "EXT 2013"]
[Source "ChessBase"]
[SourceDate "2012.11.22"]
[SourceVersion "1"]
[SourceVersionDate "2012.11.22"]
[SourceQuality "1"]
[WhiteTeam "Schott Mainz II"]
[BlackTeam "Koblenz"]
[WhiteTeamCountry "GER"]
[BlackTeamCountry "GER"]

1. e4 c5 2. c3 Nf6 3. Qc2 e5 4. Nf3 Nc6 5. Be2 Be7 6. 0-0 0-0 7. d3 d5 8. Nbd2 b6 9. exd5 Nxd5 10. Re1 Kh8 11. Bf1 f6 12. a3 a5 13. a4 Bg4 14. h3 Be6 15. Nc4 g5 16. d4 cxd4 17. Nxd4 Nxd4 18. cxd4 Nb4 19. Qe4 Bd5 20. Qf5 Bxc4 21. Bxc4 Qxd4 22. Bb5 Bc5 23. Re4 Qd1+ 24. Kh2 Qh5 25. h4 Qg6 26. Qxg6 hxg6 27. hxg5 f5 28. Rxe5 Nc2 29. Rb1 Bd6 30. Bf4 Rac8 31. Kg3 Nd4 32. Ba6 Rc2 33. Bd3 Rc6 34. Rh1+ Kg7 35. Rhe1 Kf7 36. Rd5 Bxf4+ 37. Kxf4 Ne6+ 38. Kg3 Nxg5 39. f4 Ne6 40. Bb5 Rc7 41. Rd6 Nc5 42. Rxb6 Ne4+ 43. Kf3 Rd8 44. Rc6 Re7 45. Rec1 Nd2+ 46. Kf2 Rd4 47. g3 Ne4+ 48. Kf3 g5 49. Rc7 Nd2+ 50. Kf2 gxf4 51. Rxe7+ Kxe7 52. gxf4 Ne4+ 53. Ke3 Rb4 54. Rc7+ Ke6 55. Rc6+ Kd5 56. Rc2 Rb3+ 57. Ke2 Rh3 58. Bc6+ Kd4 59. Bxe4 fxe4 60. Rd2+ Kc4 61. Rd8 Rf3 62. Rb8 Rxf4 63. Ke3 Rf3+ 64. Kxe4 Rb3 65. Rxb3 Kxb3 66. Kd4 Kxa4 67. Kc4 1/2-1/2

[Event "GER-chA U25"]
[Site "Oberhof"]
[Date "2011.06.18"]
[Round "9"]
[White "Tomaszewska, Luiza"]
[Black "Goelz, Daniel"]
[Result "1/2-1/2"]
[WhiteElo "1994"]
[BlackElo "2103"]
[PlyCount "30"]
[EventDate "2011.06.11"]
[EventType "swiss"]
[EventRounds "9"]
[EventCountry "GER"]
[SourceTitle "CBM 142 Extra"]
[Source "ChessBase"]
[SourceDate "2011.06.27"]
[SourceVersion "1"]
[SourceVersionDate "2011.06.27"]
[SourceQuality "1"]

1. e4 c5 2. Nf3 Nc6 3. Bb5 e6 4. 0-0 Nge7 5. a4 Ng6 6. Bxc6 bxc6 7. d3 Be7 8. Nc3 0-0 9. Qe2 Rb8 10. b3 e5 11. g3 d6 12. Ne1 Bh3 13. Ng2 f5 14. Re1 f4 15. f3 Bg5 1/2-1/2

[Event "GER-chA U25"]
[Site "Oberhof"]
[Date "2011.06.12"]
[Round "1"]
[White "Goelz, Daniel"]
[Black "Kast, Joannis"]
[Result "1-0"]
[WhiteElo "2103"]
[BlackElo "1745"]
[PlyCount "153"]
[EventDate "2011.06.11"]
[EventType "swiss"]
[EventRounds "9"]
[EventCountry "GER"]
[SourceTitle "CBM 142 Extra"]
[Source "ChessBase"]
[SourceDate "2011.06.27"]
[SourceVersion "1"]
[SourceVersionDate "2011.06.27"]
[SourceQuality "1"]

1. e4 e5 2. Nf3 Nc6 3. Bc4 Bc5 4. c3 Nf6 5. b4 Bb6 6. d3 d6 7. a4 a6 8. 0-0 Bg4 9. a5 Ba7 10. Be3 0-0 11. Nbd2 d5 12. Bxa7 Rxa7 13. exd5 Nxd5 14. Ne4 Kh8 15. h3 Bh5 16. Re1 f6 17. Rc1 Nf4 18. Ng3 Bf7 19. Qc2 Bxc4 20. dxc4 Qd3 21. Re4 Rd8 22. Qxd3 Rxd3 23. Ne1 Rd7 24. Ne2 Nxe2+ 25. Rxe2 Ra8 26. g4 Rad8 27. Rcc2 Rd1 28. Kh2 Ne7 29. Ng2 Ng6 30. h4 R1d3 31. h5 Nf8 32. f4 exf4 33. Nxf4 Rf3 34. Re4 Rf1 35. Kg2 Rfd1 36. Rce2 R1d2 37. Nd5 Rxe2+ 38. Rxe2 c6 39. Nb6 Kg8 40. Re7 Rb8 41. Kf3 h6 42. Ke4 Nh7 43. Kf5 Nf8 44. c5 Kh8 45. Nc4 Rd8 46. Nd6 Rd7 47. Re8 Kg8 48. c4 Rc7 49. Kf4 Rd7 50. Kf3 Rc7 51. Rb8 Rd7 52. Nxb7 Rd3+ 53. Ke4 Rg3 54. Kf4 Rb3 55. Nd6 Rb1 56. b5 axb5 57. cxb5 Rb4+ 58. Kf3 Rb3+ 59. Ke2 cxb5 60. Rxb5 Rg3 61. Rb8 Rxg4 62. a6 Ra4 63. Ra8 Ra5 64. a7 Ra2+ 65. Kd3 Ra4 66. c6 Ra6 67. c7 Rxd6+ 68. Ke2 Re6+ 69. Kf2 Rc6 70. Rxf8+ Kxf8 71. a8Q+ Kf7 72. Qxc6 f5 73. c8R f4 74. Rc7+ Kg8 75. Qe8+ Kh7 76. Qg6+ Kg8 77. Qxg7# 1-0

[Event "GER-ch Net qual3 U25"]
[Site "Playchess.com INT"]
[Date "2011.05.08"]
[Round "7"]
[White "Braun, Christian"]
[Black "Goelz, Daniel"]
[Result "1-0"]
[WhiteElo "2196"]
[BlackElo "2098"]
[PlyCount "31"]
[EventDate "2011.05.08"]
[EventType "swiss (blitz)"]
[EventRounds "7"]
[EventCountry "GER"]
[SourceTitle "CBM 142 Extra"]
[Source "ChessBase"]
[SourceDate "2011.06.27"]
[SourceVersion "1"]
[SourceVersionDate "2011.06.27"]
[SourceQuality "1"]

1. e4 c5 2. Nf3 Nc6 3. d4 cxd4 4. Nxd4 Nf6 5. Nc3 e5 6. Ndb5 d6 7. Bg5 a6 8. Na3 b5 9. Bxf6 gxf6 10. Nd5 f5 11. c3 Be6 12. exf5 Bxf5 13. Nc2 Bg7 14. Nce3 Bg6 15. h4 Be4 16. Qg4 1-0

[Event "GER-ch Net qual3 U25"]
[Site "Playchess.com INT"]
[Date "2011.05.08"]
[Round "3"]
[White "Goelz, Daniel"]
[Black "Wedrychowski, Lukas"]
[Result "1-0"]
[WhiteElo "2098"]
[BlackElo "1598"]
[PlyCount "57"]
[EventDate "2011.05.08"]
[EventType "swiss (blitz)"]
[EventRounds "7"]
[EventCountry "GER"]
[SourceTitle "CBM 142 Extra"]
[Source "ChessBase"]
[SourceDate "2011.06.27"]
[SourceVersion "1"]
[SourceVersionDate "2011.06.27"]
[SourceQuality "1"]

1. e4 e5 2. Nf3 Nf6 3. Bc4 Nxe4 4. Nc3 Nxc3 5. dxc3 f6 6. 0-0 c6 7. Nxe5 fxe5 8. Qh5+ g6 9. Qxe5+ Qe7 10. Qxh8 d5 11. Bh6 Be6 12. Bxf8 Qxf8 13. Qxh7 dxc4 14. Qxb7 Nd7 15. Qxa8+ Ke7 16. Qxc6 Qf5 17. Rae1 g5 18. Qxc4 Ne5 19. Qc7+ Kf6 20. Rxe5 Qxe5 21. Qxe5+ Kxe5 22. Re1+ Kd6 23. Rxe6+ Kxe6 24. g3 Ke5 25. h3 Ke4 26. Kg2 a5 27. a4 Kd5 28. h4 Ke5 29. hxg5 1-0

[Event "GER-ch U25"]
[Site "Oberhof"]
[Date "2010.05.24"]
[Round "3"]
[White "Orhan, Eda"]
[Black "Goelz, Daniel"]
[Result "0-1"]
[WhiteElo "1778"]
[BlackElo "2095"]
[PlyCount "42"]
[EventDate "2010.05.22"]
[EventType "swiss"]
[EventRounds "9"]
[EventCountry "GER"]
[SourceTitle "CBM 136 Extra"]
[Source "ChessBase"]
[SourceDate "2010.07.02"]
[SourceVersion "2"]
[SourceVersionDate "2010.07.15"]
[SourceQuality "1"]

1. d4 Nf6 2. Nf3 d6 3. c4 Bf5 4. Nc3 g6 5. e3 Bg7 6. Bd3 Bxd3 7. Qxd3 0-0 8. e4 Nbd7 9. Bf4 Nh5 10. Be3 e5 11. d5 Nf4 12. Bxf4 exf4 13. b4 a5 14. bxa5 Rxa5 15. Nd4 Qf6 16. Nce2 Ne5 17. Qc3 Rfa8 18. Qb3 f3 19. gxf3 Ra3 20. Qd1 Nxf3+ 21. Nxf3 Qxf3 0-1

[Event "GER-ch U25 op"]
[Site "Willingen"]
[Date "2009.06.06"]
[Round "9"]
[White "Goelz, Daniel"]
[Black "Siebarth, Raiko"]
[Result "1-0"]
[WhiteElo "2058"]
[BlackElo "2246"]
[PlyCount "117"]
[EventDate "2009.05.30"]
[EventType "swiss"]
[EventRounds "9"]
[EventCountry "GER"]
[SourceTitle "EXT 2010"]
[Source "ChessBase"]
[SourceDate "2010.11.25"]
[SourceVersion "1"]
[SourceVersionDate "2010.11.25"]
[SourceQuality "1"]

1. e4 g6 2. Nc3 Bg7 3. g3 d6 4. Bg2 e5 5. d3 Be6 6. Be3 c6 7. Nge2 f5 8. d4 Ne7 9. dxe5 dxe5 10. Qxd8+ Kxd8 11. 0-0-0+ Kc7 12. Bc5 Nc8 13. exf5 gxf5 14. f4 Nd7 15. Be3 Nd6 16. fxe5 Nxe5 17. Nd4 Bd7 18. Bf4 Rae8 19. Rhe1 Nd3+ 20. Rxd3 Rxe1+ 21. Kd2 Rhe8 22. Bxd6+ Kc8 23. Nce2 Ra1 24. Ra3 a6 25. c3 Bh6+ 26. Bf4 Bf8 27. Ra5 c5 28. Nc2 Rb1 29. b3 Rb2 30. Bf3 Rb1 31. Ne3 Bb5 32. c4 Bd7 33. Nd5 Re6 34. Be3 Bc6 35. Nef4 Re8 36. Nd3 Bg7 37. Rxc5 Kb8 38. Ra5 Ra1 39. Bf4+ Ka7 40. Nc7 Bxf3 41. Nxe8 Bd4 42. Nc1 Rb1 43. Be3 Bxe3+ 44. Kxe3 Bc6 45. Kd2 Rb2+ 46. Kc3 Rxh2 47. Nd6 Bd7 48. Nxf5 Rf2 49. Nd4 Rg2 50. Nce2 Bg4 51. Kd3 Rf2 52. Rg5 h5 53. Rg7 a5 54. a4 Kb6 55. Rg5 Ka6 56. Rg6+ b6 57. c5 Bxe2+ 58. Nxe2 Rf3+ 59. Kc4 1-0

[Event "GER-ch U25 op"]
[Site "Willingen"]
[Date "2009.06.05"]
[Round "8"]
[White "Coenen, Michael"]
[Black "Goelz, Daniel"]
[Result "0-1"]
[WhiteElo "2260"]
[BlackElo "2058"]
[PlyCount "94"]
[EventDate "2009.05.30"]
[EventType "swiss"]
[EventRounds "9"]
[EventCountry "GER"]
[SourceTitle "EXT 2010"]
[Source "ChessBase"]
[SourceDate "2010.11.25"]
[SourceVersion "1"]
[SourceVersionDate "2010.11.25"]
[SourceQuality "1"]

1. e4 c5 2. Nf3 Nc6 3. d4 cxd4 4. Nxd4 e6 5. Nc3 a6 6. Be3 Qc7 7. f3 Nf6 8. Qd2 Ne5 9. 0-0-0 Bb4 10. Kb1 d5 11. exd5 Bxc3 12. Qxc3 Qxc3 13. bxc3 Nxd5 14. Bd2 b5 15. f4 Nc4 16. Bxc4 bxc4 17. Rhe1 0-0 18. Re5 Bb7 19. f5 exf5 20. Nxf5 Rad8 21. Kc1 Nf6 22. Rde1 Rfe8 23. Bg5 Rxe5 24. Rxe5 Bxg2 25. Re3 Kf8 26. Bh4 Re8 27. Rg3 Re2 28. Re3 Rxe3 29. Nxe3 Bh3 30. Nxc4 Ne4 31. Be1 f5 32. Ne5 Ke7 33. c4 Kd6 34. Nd3 g5 35. Bb4+ Ke6 36. Kd1 f4 37. Ke1 Bf5 38. Bf8 f3 39. Bh6 g4 40. Bg7 h5 41. Nf4+ Kf7 42. Bd4 h4 43. Nd3 Ke6 44. Ne5 f2+ 45. Ke2 g3 46. hxg3 hxg3 47. Nf3 Bg4 0-1

[Event "GER-ch U25 op"]
[Site "Willingen"]
[Date "2009.06.02"]
[Round "4"]
[White "Windjaeger, Gerd"]
[Black "Goelz, Daniel"]
[Result "0-1"]
[WhiteElo "1782"]
[BlackElo "2058"]
[PlyCount "82"]
[EventDate "2009.05.30"]
[EventType "swiss"]
[EventRounds "9"]
[EventCountry "GER"]
[SourceTitle "EXT 2010"]
[Source "ChessBase"]
[SourceDate "2010.11.25"]
[SourceVersion "1"]
[SourceVersionDate "2010.11.25"]
[SourceQuality "1"]

1. d4 Nf6 2. Nf3 d6 3. Nbd2 g6 4. e4 Bg7 5. Bc4 0-0 6. 0-0 d5 7. Bd3 dxe4 8. Nxe4 Bg4 9. c3 Nbd7 10. Nxf6+ Nxf6 11. h3 Bxf3 12. Qxf3 c6 13. Re1 Nd5 14. Bg5 Re8 15. Bh4 Qb6 16. Re2 e6 17. Bc4 Qc7 18. Bxd5 cxd5 19. Bf6 b5 20. Bxg7 Kxg7 21. a3 a5 22. Rc1 b4 23. axb4 axb4 24. Qe3 bxc3 25. Qxc3 Qf4 26. Qe3 Qxe3 27. fxe3 Reb8 28. Rc7 Rb3 29. Rc3 Ra1+ 30. Kf2 Rxc3 31. bxc3 Rc1 32. Kf3 Rxc3 33. Kf4 f6 34. h4 h6 35. g3 h5 36. Rg2 Kh6 37. Re2 Rc4 38. Kf3 e5 39. Rd2 e4+ 40. Kf4 Rc1 41. Rf2 Rg1 0-1

[Event "GER-ch U25 op"]
[Site "Willingen"]
[Date "2009.05.31"]
[Round "2"]
[White "Seidler, Lukas"]
[Black "Goelz, Daniel"]
[Result "1-0"]
[WhiteElo "1805"]
[BlackElo "2058"]
[PlyCount "131"]
[EventDate "2009.05.30"]
[EventType "swiss"]
[EventRounds "9"]
[EventCountry "GER"]
[SourceTitle "EXT 2010"]
[Source "ChessBase"]
[SourceDate "2010.11.25"]
[SourceVersion "1"]
[SourceVersionDate "2010.11.25"]
[SourceQuality "1"]

1. e4 c5 2. Nf3 Nc6 3. d4 cxd4 4. Nxd4 Nf6 5. Nc3 e6 6. Ndb5 d6 7. Bf4 e5 8. Bg5 a6 9. Na3 b5 10. Nd5 Be7 11. Bxf6 Bxf6 12. c3 0-0 13. Nc2 Bg5 14. a4 bxa4 15. Rxa4 a5 16. Bc4 Rb8 17. b3 Kh8 18. Nce3 g6 19. 0-0 Bh6 20. Ra2 f5 21. exf5 gxf5 22. Qh5 Qg5 23. Qxg5 Bxg5 24. Rd1 e4 25. g3 Bd7 26. Nf4 Rf6 27. Rad2 a4 28. b4 Ne5 29. Rxd6 Rxd6 30. Rxd6 Rc8 31. Be6 Bxe6 32. Nxe6 Bxe3 33. fxe3 Ra8 34. Nc7 Rc8 35. Nb5 Nc4 36. Ra6 Nxe3 37. Rxa4 Nd1 38. Ra3 Rd8 39. Nd4 e3 40. Kf1 Nxc3 41. Rxc3 Rxd4 42. Rb3 f4 43. gxf4 Rxf4+ 44. Ke2 Rh4 45. Rb1 Rxh2+ 46. Kxe3 Rh3+ 47. Ke4 Rh2 48. b5 Re2+ 49. Kd5 Rd2+ 50. Kc6 Rc2+ 51. Kd7 Rd2+ 52. Kc7 Rc2+ 53. Kb8 Kg7 54. b6 Kg6 55. b7 h5 56. Ka7 Rc7 57. Kb6 Rxb7+ 58. Kxb7 Kf5 59. Kc6 Kg4 60. Kd5 h4 61. Ke4 Kg3 62. Kf5 h3 63. Rb3+ Kg2 64. Kg4 h2 65. Rb2+ Kg1 66. Kg3 1-0

[Event "GER-chT Lands U20"]
[Site "Verden an der Aller"]
[Date "2007.10.03"]
[Round "7.3"]
[White "Goelz, Daniel"]
[Black "Tkachuk, Konstantyn"]
[Result "1/2-1/2"]
[WhiteElo "1974"]
[BlackElo "2141"]
[PlyCount "81"]
[EventDate "2007.09.29"]
[EventType "team-swiss"]
[EventRounds "7"]
[EventCountry "GER"]
[SourceTitle "CBM 120 Extra"]
[Source "ChessBase"]
[SourceDate "2007.11.01"]
[SourceVersion "1"]
[SourceVersionDate "2007.11.01"]
[SourceQuality "1"]
[WhiteTeam "Rheinland Pfalz"]
[BlackTeam "Nordrhein Westfalen"]
[WhiteTeamCountry "GER"]
[BlackTeamCountry "GER"]

1. e4 e5 2. Nf3 Nc6 3. Bc4 Nf6 4. Nc3 Bc5 5. d3 d6 6. h3 Be6 7. Bb3 h6 8. Be3 Bb6 9. Nd5 Bxd5 10. Bxd5 Nxd5 11. exd5 Ne7 12. c4 Nf5 13. Bxb6 axb6 14. 0-0 0-0 15. Re1 Nh4 16. d4 Nxf3+ 17. Qxf3 exd4 18. Re4 Re8 19. Rxd4 Re5 20. Rd3 Qh4 21. b3 Qe7 22. Re3 Rxe3 23. Qxe3 Qf6 24. Rf1 Rxa2 25. Qe8+ Kh7 26. Qd7 Rb2 27. Qxc7 Rxb3 28. Qxb7 Rb4 29. Qc7 g6 30. g3 Kg7 31. Kg2 h5 32. h4 Qe5 33. Rc1 Rb2 34. Qc6 Qd4 35. Rf1 Qc5 36. Qxc5 bxc5 37. Re1 Rc2 38. Re4 Kf6 39. Kf3 Kf5 40. Rf4+ Ke5 41. Re4+ 1/2-1/2

[Event "GER-chT Lands U20"]
[Site "Verden an der Aller"]
[Date "2007.09.29"]
[Round "2.3"]
[White "Goelz, Daniel"]
[Black "Hirneise, Jens"]
[Result "1-0"]
[WhiteElo "1974"]
[BlackElo "2090"]
[PlyCount "103"]
[EventDate "2007.09.29"]
[EventType "team-swiss"]
[EventRounds "7"]
[EventCountry "GER"]
[SourceTitle "CBM 120 Extra"]
[Source "ChessBase"]
[SourceDate "2007.11.01"]
[SourceVersion "1"]
[SourceVersionDate "2007.11.01"]
[SourceQuality "1"]
[WhiteTeam "Rheinland Pfalz"]
[BlackTeam "Wuerttemberg"]
[WhiteTeamCountry "GER"]
[BlackTeamCountry "GER"]

1. e4 c5 2. Nc3 Nc6 3. g3 g6 4. d3 Bg7 5. Bg2 d6 6. Be3 Rb8 7. Qd2 b5 8. Nge2 b4 9. Nd1 Nd4 10. 0-0 e6 11. Nc1 Ne7 12. c3 bxc3 13. bxc3 Ndc6 14. Bh6 0-0 15. Bxg7 Kxg7 16. Ne3 e5 17. f4 f6 18. h4 Kh8 19. f5 gxf5 20. exf5 d5 21. Ne2 d4 22. Nc4 dxc3 23. Nxc3 Ba6 24. Rad1 Qd4+ 25. Ne3 Rfd8 26. Be4 c4 27. Rf2 cxd3 28. Ng4 Rd6 29. Nh6 Bc4 30. Bg2 Nd8 31. Ne4 Ra6 32. Qc3 Qxc3 33. Nxc3 Ra3 34. Ne4 Rb6 35. g4 Nd5 36. g5 Nc3 37. Nxc3 Rxc3 38. Ng4 fxg5 39. Nxe5 gxh4 40. Nxc4 Rxc4 41. Rxd3 Nf7 42. Rd7 Rf6 43. Rxa7 Rc5 44. Bh3 Ng5 45. Kh2 Rc3 46. Bg4 Rg3 47. Rg2 Re3 48. Rc2 Kg8 49. Rcc7 Rf7 50. f6 Nf3+ 51. Bxf3 Rxf3 52. Rc8+ 1-0

[Event "GER-ch U16"]
[Site "Willingen"]
[Date "2007.05.29"]
[Round "5"]
[White "Tkachuk, Konstantyn"]
[Black "Goelz, Daniel"]
[Result "0-1"]
[WhiteElo "2135"]
[BlackElo "1974"]
[PlyCount "102"]
[EventDate "2007.05.26"]
[EventType "swiss"]
[EventRounds "9"]
[EventCountry "GER"]
[SourceTitle "CBM 118 Extra"]
[Source "ChessBase"]
[SourceDate "2007.07.04"]
[SourceVersion "1"]
[SourceVersionDate "2007.07.04"]
[SourceQuality "1"]

1. e4 c5 2. Nf3 g6 3. d4 Bg7 4. dxc5 Qa5+ 5. c3 Qxc5 6. Be3 Qa5 7. Bc4 Nc6 8. Qb3 e6 9. 0-0 Nf6 10. Nbd2 d5 11. exd5 exd5 12. Be2 0-0 13. h3 h6 14. Nd4 Nxd4 15. Bxd4 Bf5 16. Nf3 g5 17. Rad1 Rad8 18. Bb5 Ne4 19. Bxg7 Kxg7 20. Nd4 Bg6 21. a3 a6 22. Be2 Nc5 23. Qa2 Qb6 24. Rfe1 Rd6 25. f3 h5 26. Bf1 g4 27. Re5 Rfd8 28. b4 Ne6 29. Qf2 gxh3 30. g3 h2+ 31. Kxh2 Rc8 32. Qe3 Nxd4 33. Rxd4 Rdc6 34. c4 dxc4 35. Qc3 Kh7 36. f4 Qc7 37. Red5 h4 38. gxh4 Rf8 39. h5 Bd3 40. Rd7 Qc8 41. Bxd3+ cxd3 42. Qxd3+ Kh8 43. Rd8 Rc2+ 44. Kg3 Rg8+ 45. Rxg8+ Qxg8+ 46. Kf3 Qg2+ 47. Ke3 Qf2+ 48. Ke4 Qe1+ 49. Kf3 Rc3 50. Rd8+ Kg7 51. h6+ Kxh6 0-1

[Event "GER-ch U16"]
[Site "Willingen"]
[Date "2007.05.28"]
[Round "4"]
[White "Goelz, Daniel"]
[Black "Strunski, Andreas"]
[Result "0-1"]
[WhiteElo "1974"]
[BlackElo "2165"]
[PlyCount "62"]
[EventDate "2007.05.26"]
[EventType "swiss"]
[EventRounds "9"]
[EventCountry "GER"]
[SourceTitle "CBM 118 Extra"]
[Source "ChessBase"]
[SourceDate "2007.07.04"]
[SourceVersion "1"]
[SourceVersionDate "2007.07.04"]
[SourceQuality "1"]

1. e4 c5 2. Nc3 Nc6 3. g3 g6 4. Bg2 Bg7 5. d3 d6 6. Be3 b5 7. Qd2 b4 8. Nd1 e6 9. Ne2 Nge7 10. Bh6 0-0 11. h4 f6 12. Bxg7 Kxg7 13. h5 g5 14. h6+ Kh8 15. f4 Ng6 16. e5 d5 17. exf6 gxf4 18. Nxf4 Nxf4 19. gxf4 Qxf6 20. Ne3 Qxb2 21. 0-0 Bd7 22. f5 Qd4 23. Qf2 Rf6 24. Qf4 Raf8 25. Rae1 Qxf4 26. Rxf4 Nd4 27. Rg4 Nxf5 28. Nxf5 Rxf5 29. Rg7 R5f7 30. Rf1 Rxf1+ 31. Bxf1 Rg8 0-1